| 000 | 00709nam a2200217 i 4500 | ||
|---|---|---|---|
| 001 | 188429 | ||
| 003 | SpMaBN | ||
| 005 | 20251015063157.0 | ||
| 008 | 180920s2008 xxk |||| | eng d | ||
| 020 | _a978-0-571-22564-4 | ||
| 080 | _a821.111(417)-31"19" | ||
| 100 | 1 |
_aMcGahern, John, _d1934-2006 _9165528 |
|
| 245 | 1 | 0 |
_aAmongst women / _cJohn McGahern. |
| 260 |
_aLondon : _bFaber and Faber, _c2008. |
||
| 300 |
_a184 p. ; _c20 cm. |
||
| 852 |
_aES-MaACL _jA-14259 _9195559 _bR.151804 _cDEPO1 _dOlim: N-7259 _hDonacion: Embajada de Irlanda |
||
| 914 |
_9234032 _aEmbajada de Irlanda en EspaƱa _ednr |
||
| 942 |
_2udc _cMONOGRAFIA |
||
| 999 |
_c188429 _d188429 |
||